| 000 | 01889cam a2200229 a 4500 | ||
|---|---|---|---|
| 999 |
_c5793 _d5793 |
||
| 020 | _a0801665698 | ||
| 020 | _a9780801665691 | ||
| 050 | 0 | 0 |
_aRG559 _b.W67 |
| 100 | 1 | _aWorthington-Roberts, Bonnie S., | |
| 245 | 1 | 0 |
_aNutrition in pregnancy and lactation / _cBonnie S. Worthington-Roberts, Sue Rodwell Williams. |
| 250 | _a5th ed. | ||
| 260 |
_aSt. Louis : _bMosby, _cc1993. |
||
| 300 |
_axiv, 537 p. : _bill., map ; _c24 cm. |
||
| 500 | _a1. Promotion of maternal and infant health 2. Nutrition, fertility, and family planning 3. Physiology of pregnancy 4. Prenatal nutrition - general issues 5. Prenatal nutrition: additional dietary and lifestyle concerns 6. Nutrition assessment and guidance in prenatal care 7. Management of pregnancy complications and special disease conditions of the mother 8.Nutrition needs of the pregnant adolescent 9. Lactation: Basic consideration 10. Human milk composition and infant growth and development 11. Promotion and support of breastfeeding 12. Nutrition education: A support for reproduction | ||
| 505 | _a1. Promotion of maternal and infant health 2. Nutrition, fertility, and family planning 3. Physiology of pregnancy 4. Prenatal nutrition - general issues 5. Prenatal nutrition: additional dietary and lifestyle concerns 6. Nutrition assessment and guidance in prenatal care 7. Management of pregnancy complications and special disease conditions of the mother 8.Nutrition needs of the pregnant adolescent 9. Lactation: Basic consideration 10. Human milk composition and infant growth and development 11. Promotion and support of breastfeeding 12. Nutrition education: A support for reproduction | ||
| 650 | 0 |
_aPregnancy _xNutritional aspects. |
|
| 650 | 0 |
_aMothers _xNutrition. |
|
| 650 | 0 |
_aLactation _xNutritional aspects. |
|
| 650 | 0 | _aHealth education. | |
| 700 | 1 | _aWilliams, Sue Rodwell. | |
| 942 | _cBK | ||